000 00566cam a22002291 4500
001 sa 68019996
003 DLC
005 20260227112721.0
008 940711s1965 ii 000 0 telo
010 _asa 68019996
025 _aPL480:I-Te-1884
035 _a(OCoLC)30748237
040 _aDLC
_cCU
_dCU
_dDLC
042 _apremarc
050 0 0 _aPN6519.T4
_bT4
245 0 0 _aTelugu sāmetalu.
260 _c[1965]
300 _a64, 414 p.
_c23 cm.
500 _aIn Telugu.
650 0 _aProverbs, Telugu.
700 1 _aSatyanarayana, Vishwanath,
_d1895-1976.
999 _c89193
_d89193